| 000 | 00465nam a22001817a 4500 | ||
|---|---|---|---|
| 003 | CEME | ||
| 005 | 20210628210742.0 | ||
| 008 | 210212b xxu||||| |||| 00| 0 eng d | ||
| 020 | _a81-7649-137-3 | ||
| 040 | _c. | ||
| 082 | _a658.403 KNE | ||
| 100 |
_aKneeland, Steve _980860 |
||
| 245 | _aThe things that really matter about solving problems | ||
| 260 |
_aNEW DELHI _bVIVA BOOK _c2000 |
||
| 300 | _a68P | ||
| 650 |
_aPROBLEM SOLVING _94470 |
||
| 942 |
_cBK _2ddc |
||
| 999 |
_c585713 _d585713 |
||